000 00506nam a22001817a 4500
003 CEME
005 20210628202330.0
008 210120b xxu||||| |||| 00| 0 eng d
020 _a0-07-238111-6
040 _cceme
082 _a005.13 TUC
245 _aProgramming languages ,principles and paradigms
250 _aTUCKER , ALLEN ,NOONAN , ROBERT
260 _aNEW YORK
_bMCGRAW HILL
_c2002
300 _aXVIII,411P
650 _aPROGRAMMING LANGUAGES-ELECTRONIC COMPUTERS
_93683
942 _cBK
_2ddc
999 _c569385
_d569385